000
00245nam a2200097Ia 4500
001
1222338
005
20250827092846.0
008
250824s9999 xx 000 0 und d
245
0
_a
ANNA KARENİNA II CİLT
_c
TOLSTOY
260
_b
İSKELE YAYINCILIK
999
_c
1222338
_d
1222338